| 000 | 00716nam a2200289Ia 4500 | ||
|---|---|---|---|
| 005 | 20260401122324.0 | ||
| 008 | 008 250103s9999 xx 000 0 eng d | ||
| 020 | _a978-0-253-35118-0 | ||
| 037 | _aTB | ||
| 040 | _aEDL | ||
| 040 | _beng | ||
| 040 | _cEDL | ||
| 041 | _2eng | ||
| 041 | _aeng | ||
| 084 | _a306.850954 SRE | ||
| 084 | _qEDL | ||
| 100 |
_aSreenivas, Mytheli _91108671 |
||
| 245 | 0 | _aWives, Widows and Concubines: Conjugal Family Ideal in Colonial India | |
| 245 | 0 | _cSreenivas, Mytheli | |
| 260 | _aBloomington | ||
| 260 | _bIndiana University Press | ||
| 260 | _c2008 | ||
| 942 | _cTB | ||
| 942 | _h306.850954 SRE | ||
| 999 |
_c1846504 _d1846504 |
||